| 000 | 01332nam a2200337 a 4500 | ||
|---|---|---|---|
| 001 | ebr10173679 | ||
| 003 | CaPaEBR | ||
| 006 | m u | ||
| 007 | cr cn||||||||| | ||
| 008 | 050822s2006 maua sb 001 0 eng | ||
| 010 | _z 2005054008 | ||
| 020 | _z0262025957 (alk. paper) | ||
| 040 |
_aCaPaEBR _cCaPaEBR |
||
| 035 | _a(OCoLC)568000746 | ||
| 050 | 1 | 4 |
_aHD75 _b.L59 2006eb |
| 082 | 0 | 4 |
_a339.4/2 _222 |
| 245 | 0 | 0 |
_aLiving standards and the wealth of nations _h[electronic resource] : _bsuccesses and failures in real convergence / _cedited by Leszek Balcerowicz and Stanley Fischer. |
| 260 |
_aCambridge, Mass. : _bMIT Press, _c2006. |
||
| 300 |
_avi, 434 p. : _bill. |
||
| 504 | _aIncludes bibliographical references and index. | ||
| 533 |
_aElectronic reproduction. _bPalo Alto, Calif. : _cebrary, _d2013. _nAvailable via World Wide Web. _nAccess may be limited to ebrary affiliated libraries. |
||
| 650 | 0 | _aEconomic development. | |
| 650 | 0 | _aConvergence (Economics) | |
| 650 | 0 | _aCost and standard of living. | |
| 650 | 0 | _aWealth. | |
| 655 | 7 |
_aElectronic books. _2local |
|
| 700 | 1 | _aBalcerowicz, Leszek. | |
| 700 | 1 | _aFischer, Stanley. | |
| 710 | 2 | _aebrary, Inc. | |
| 856 | 4 | 0 |
_uhttp://site.ebrary.com/lib/rucke/Doc?id=10173679 _zAn electronic book accessible through the World Wide Web; click to view |
| 999 |
_c248298 _d248298 |
||